[Event "Norway Supreme Masters Blitz 2013"]
[Site "Stavanger NOR"]
[Date "2013.05.07"]
[Round "1.4"]
[White "Anand,V"]
[Black "Carlsen,M"]
[Result "1/2-1/2"]
[WhiteTitle "GM"]
[BlackTitle "GM"]
[WhiteElo "2783"]
[BlackElo "2868"]
[WhiteFideId "5000017"]
[BlackFideId "1503014"]
[EventDate "2013.05.07"]

1. e4 e5 2. Nf3 Nc6 3. Bb5 Nf6 4. d3 d6 5. O-O Bd7 6. c3 g6 7. Re1 a6 8. Ba4 Bg7
9. Nbd2 O-O 10. Nf1 Re8 11. Bb3 Be6 12. h3 Bxb3 13. Qxb3 Qd7 14. Bg5 Nh5 15.
Rad1 h6 16. Bc1 Nf6 17. Ng3 Na5 18. Qc2 c5 19. d4 cxd4 20. cxd4 Rac8 21. Qd3
exd4 22. Nxd4 Nc4 23. b3 Ne5 24. Qb1 h5 25. Bb2 h4 26. Nf1 d5 27. exd5 Nxd5 28.
Ne3 Nxe3 29. Rxe3 Rcd8 30. Rde1 Nc6 31. Rxe8+ Rxe8 32. Rxe8+ Qxe8 33. Nxc6 Qxc6
34. Bxg7 Kxg7 35. Qb2+ f6 36. Qd2 g5 37. Qe2 Qc1+ 38. Kh2 Qc7+ 39. Kg1 1/2-1/2

[Event "Norway Supreme Masters Blitz 2013"]
[Site "Stavanger NOR"]
[Date "2013.05.07"]
[Round "2.2"]
[White "Hammer,J"]
[Black "Topalov,V"]
[Result "1/2-1/2"]
[WhiteTitle "GM"]
[BlackTitle "GM"]
[WhiteElo "2608"]
[BlackElo "2793"]
[WhiteFideId "1503707"]
[BlackFideId "2900084"]
[EventDate "2013.05.07"]

1. d4 c6 2. c4 Nf6 3. Nc3 d6 4. Nf3 Nbd7 5. e4 e5 6. Be2 Be7 7. O-O O-O 8. d5
Nc5 9. Nd2 a5 10. b3 Bd7 11. a4 Ne8 12. Ba3 Nc7 13. Bxc5 dxc5 14. Nf3 Bf6 15.
Qd2 Na6 16. Rad1 Ra7 17. Qe3 Qb8 18. Kh1 h6 19. Rg1 Qc8 20. g4 g5 21. h3 Qd8 22.
Nh2 Qb6 23. Rb1 Raa8 24. Nf1 Nb4 25. Ng3 Nc2 26. Qf3 Qd8 27. Nf5 Kh7 28. Bd3 Nd4
29. Nxd4 cxd4 30. Ne2 Bg7 31. Ng3 Qf6 32. Nf5 Kh8 33. Kg2 Rfe8 34. Rh1 Rac8 35.
Rh2 Bxf5 36. gxf5 Qd8 37. Qh5 Qf6 38. Re1 Bf8 39. h4 g4 40. Qxg4 Bb4 41. Kf1 Rg8
42. Qh5 Bxe1 43. Kxe1 Rg1+ 44. Ke2 Rcg8 45. c5 cxd5 46. exd5 e4 47. Bxe4 d3+ 48.
Bxd3 R8g4 49. Rh3 Rf4 50. Bc2 Kg7 51. Re3 Rxh4 52. Qf3 Rhh1 53. Qf4 Re1+ 54. Kd2
Rxe3 55. Qxe3 Qa1 56. Qg3+ Kf6 57. Qd6+ Kg7 58. Qg3+ Kf6 59. Qd6+ Kg7 1/2-1/2

[Event "Norway Supreme Masters Blitz 2013"]
[Site "Stavanger NOR"]
[Date "2013.05.07"]
[Round "2.4"]
[White "Aronian,L"]
[Black "Svidler,P"]
[Result "0-1"]
[WhiteTitle "GM"]
[BlackTitle "GM"]
[WhiteElo "2813"]
[BlackElo "2769"]
[WhiteFideId "13300474"]
[BlackFideId "4102142"]
[EventDate "2013.05.07"]

1. d4 d6 2. e4 g6 3. Nc3 Bg7 4. f4 Nf6 5. Nf3 O-O 6. Bd3 c5 7. dxc5 dxc5 8. e5
Nd5 9. Nxd5 Qxd5 10. Qe2 Bf5 11. Bxf5 gxf5 12. O-O Nc6 13. Rd1 Qe6 14. Be3 b6
15. Ng5 Qg6 16. h4 h5 17. Bf2 Rad8 18. Rxd8 Rxd8 19. Rd1 Rxd1+ 20. Qxd1 Bh6 21.
c3 Kf8 22. Qd7 Bxg5 23. hxg5 Qe6 24. Qd1 Qxa2 25. Qxh5 Ke8 26. g6 Qb1+ 27. Kh2
fxg6 28. Qxg6+ Kd7 29. g4 Qxb2 30. Qxf5+ e6 31. Qd3+ Ke8 32. Kg3 Ne7 33. Qc4 Nd5
34. Qa4+ Kf8 35. Qxa7 Qxc3+ 36. Kh4 Nxf4 37. Qb8+ Kg7 38. Bg3 Ng6+ 39. Kh3 Qf3
40. Qc7+ Kh6 41. g5+ Kxg5 42. Qd8+ Kh5 43. Kh2 Kg4 0-1

[Event "Norway Supreme Masters Blitz 2013"]
[Site "Stavanger NOR"]
[Date "2013.05.07"]
[Round "3.1"]
[White "Karjakin,Sergey"]
[Black "Hammer,J"]
[Result "1-0"]
[WhiteTitle "GM"]
[BlackTitle "GM"]
[WhiteElo "2767"]
[BlackElo "2608"]
[WhiteFideId "14109603"]
[BlackFideId "1503707"]
[EventDate "2013.05.07"]

1. Nf3 Nf6 2. g3 g6 3. Bg2 Bg7 4. O-O O-O 5. c4 c6 6. b3 d5 7. Bb2 Bg4 8. d3
Nbd7 9. Nbd2 Qb8 10. h3 Bxf3 11. Nxf3 e5 12. h4 Re8 13. Bh3 Qd6 14. cxd5 cxd5
15. Rc1 Rad8 16. Qd2 Qa6 17. a3 e4 18. Nd4 Ne5 19. Rfd1 exd3 20. exd3 h5 21. Rc7
Nfg4 22. Kg2 Rd7 23. Rxd7 Nxd7 24. Nf3 Qb6 25. Bxg7 Kxg7 26. Qc3+ Kg8 27. Bxg4
hxg4 28. Nd4 Qf6 29. Qb4 b6 30. Rc1 Nc5 31. Qc3 Ne6 32. Re1 Kh7 33. Qa1 Nf4+ 34.
gxf4 Rxe1 35. Qxe1 Qxd4 36. Qd2 f5 37. Qe2 Qxf4 38. Qe7+ Kh6 39. Qf8+ Kh5 40.
Qh8+ Qh6 41. Qd8 Qf4 42. Qh8+ Qh6 43. Qd8 Qf4 44. Qh8+ Qh6 45. Qe5 Kxh4 46. Qxd5
Qf4 47. Qd8+ Kh5 48. Qh8+ Qh6 49. Qe5 Qg5 50. d4 f4 51. Qh8+ Qh6 52. Qe5+ Kh4
53. d5 f3+ 54. Kh2 Qd2 55. Qf6+ Kh5 56. Kg3 Qe1 57. Qh4# 1-0

[Event "Norway Supreme Masters Blitz 2013"]
[Site "Stavanger NOR"]
[Date "2013.05.07"]
[Round "3.4"]
[White "Anand,V"]
[Black "Aronian,L"]
[Result "1-0"]
[WhiteTitle "GM"]
[BlackTitle "GM"]
[WhiteElo "2783"]
[BlackElo "2813"]
[WhiteFideId "5000017"]
[BlackFideId "13300474"]
[EventDate "2013.05.07"]

1. e4 e5 2. Nf3 Nc6 3. Bb5 Nf6 4. d3 Bc5 5. Bxc6 dxc6 6. Nbd2 O-O 7. O-O Re8 8.
Nc4 Nd7 9. a4 a5 10. b3 Bf8 11. Kh1 b6 12. g3 Ba6 13. Bb2 Bxc4 14. bxc4 g6 15.
Nh4 Bh6 16. Ng2 Nc5 17. f4 exf4 18. gxf4 Bg7 19. Bxg7 Kxg7 20. f5 Qg5 21. Rf3
Rad8 22. Qf1 Rd6 23. Qf2 Qf6 24. Rf1 g5 25. Rh3 Qd4 26. f6+ Qxf6 27. Rf3 Qe6 28.
Rxf7+ Kg8 29. Ne3 Rd7 30. Rf8+ Kg7 31. Rxe8 Qxe8 32. Qf6+ Kg8 33. Nf5 h6 34.
Nxh6+ Kh7 35. Nf7 1-0

[Event "Norway Supreme Masters Blitz 2013"]
[Site "Stavanger NOR"]
[Date "2013.05.07"]
[Round "3.5"]
[White "Topalov,V"]
[Black "Carlsen,M"]
[Result "0-1"]
[WhiteTitle "GM"]
[BlackTitle "GM"]
[WhiteElo "2793"]
[BlackElo "2868"]
[WhiteFideId "2900084"]
[BlackFideId "1503014"]
[EventDate "2013.05.07"]

1. Nf3 d5 2. b3 c5 3. e3 g6 4. Bb2 Nf6 5. c4 dxc4 6. Bxc4 Bg7 7. O-O Nc6 8. d4
cxd4 9. Nxd4 Nxd4 10. Bxd4 O-O 11. Nc3 Bd7 12. Nd5 Bc6 13. Nxf6+ Bxf6 14. Bxf6
exf6 15. Qxd8 Rfxd8 16. Rfd1 f5 17. f3 Kg7 18. Kf2 Kf6 19. h4 h6 20. Be2 g5 21.
hxg5+ hxg5 22. Rxd8 Rxd8 23. Rd1 Rxd1 24. Bxd1 f4 25. g3 Ke5 26. b4 Bd5 27. a3
f5 28. gxf4+ gxf4 29. Be2 b6 30. Bd1 Bc4 31. exf4+ Kxf4 32. Bc2 Bd5 33. Bd1 Bc4
34. Bc2 Ke5 35. Kg3 Be6 36. Bb1 f4+ 37. Kh4 Kd4 38. Kg5 Ke3 39. Be4 Bd7 40. Bd5
Kd4 41. Be4 Kc3 42. Kxf4 Kb3 43. Bd3 Kxa3 44. b5 Kb4 45. Ke5 Bxb5 46. Bc2 a5 47.
f4 a4 48. Kd4 0-1

[Event "Norway Supreme Masters Blitz 2013"]
[Site "Stavanger NOR"]
[Date "2013.05.07"]
[Round "4.2"]
[White "Hammer,J"]
[Black "Carlsen,M"]
[Result "0-1"]
[WhiteTitle "GM"]
[BlackTitle "GM"]
[WhiteElo "2608"]
[BlackElo "2868"]
[WhiteFideId "1503707"]
[BlackFideId "1503014"]
[EventDate "2013.05.07"]

1. d4 Nf6 2. c4 e6 3. Nf3 b6 4. g3 Bb7 5. Bg2 g6 6. O-O Bg7 7. Nc3 Ne4 8. Nxe4
Bxe4 9. Bg5 Qc8 10. Qd2 h6 11. Bf4 d6 12. Rac1 Nd7 13. Rfe1 Qb7 14. b3 g5 15.
Be3 f5 16. Red1 O-O 17. Bf1 Rae8 18. Ne1 e5 19. dxe5 Nxe5 20. f3 Bc6 21. Bd4 f4
22. gxf4 Rxf4 23. Be3 Rf7 24. Bf2 Qc8 25. Bg3 Qf5 26. Nc2 Qxf3 27. exf3 Nxf3+
28. Kh1 Nxd2+ 29. Bg2 Bxg2+ 30. Kxg2 Re2+ 31. Kh1 Nf3 32. Nb4 a5 33. Rc2 Rfe7
34. Nd5 Rxc2 35. Nxe7+ Kf7 36. Nd5 h5 37. Rf1 g4 38. Nxc7 Be5 39. Rf2 Rc1+ 40.
Kg2 Rg1# 0-1

[Event "Norway Supreme Masters Blitz 2013"]
[Site "Stavanger NOR"]
[Date "2013.05.07"]
[Round "4.5"]
[White "Karjakin,Sergey"]
[Black "Svidler,P"]
[Result "0-1"]
[WhiteTitle "GM"]
[BlackTitle "GM"]
[WhiteElo "2767"]
[BlackElo "2769"]
[WhiteFideId "14109603"]
[BlackFideId "4102142"]
[EventDate "2013.05.07"]

1. e4 c5 2. Nf3 a6 3. c3 e6 4. d4 d5 5. exd5 exd5 6. Be3 c4 7. b3 cxb3 8. axb3
Bd6 9. Bd3 Ne7 10. O-O Bf5 11. Bxf5 Nxf5 12. Bg5 f6 13. Qd3 Qd7 14. Re1+ Kf7 15.
c4 Nc6 16. Nc3 Nb4 17. Qb1 Rhe8 18. Bd2 Rxe1+ 19. Bxe1 Re8 20. Na4 Rxe1+ 21.
Nxe1 Nxd4 22. Qd1 Be5 23. Rb1 Qf5 24. Nc3 dxc4 25. bxc4 a5 26. Nd5 Nxd5 27. cxd5
b5 28. Rc1 Qf4 29. Qh5+ Ke7 30. Rd1 Ne2+ 31. Kf1 Nc3 32. d6+ Bxd6 33. Nd3 Qc4
34. Re1+ Kd7 35. Qxh7 Kc6 36. Re8 a4 37. Kg1 a3 38. Nc1 Ne2+ 39. Nxe2 a2 40. g3
a1=Q+ 41. Kg2 Qd5+ 42. Kh3 Kd7 43. Re3 f5 44. Nc3 Qf7 45. Nxb5 Qa5 46. Nxd6 Kxd6
47. Qh4 Qf6 48. Qc4 Qh6+ 49. Kg2 Qd5+ 50. Qxd5+ Kxd5 51. Rf3 Ke5 52. h4 Qc6 0-1

[Event "Norway Supreme Masters Blitz 2013"]
[Site "Stavanger NOR"]
[Date "2013.05.07"]
[Round "5.1"]
[White "Anand,V"]
[Black "Karjakin,Sergey"]
[Result "1-0"]
[WhiteTitle "GM"]
[BlackTitle "GM"]
[WhiteElo "2783"]
[BlackElo "2767"]
[WhiteFideId "5000017"]
[BlackFideId "14109603"]
[EventDate "2013.05.07"]

1. e4 e5 2. Nf3 Nc6 3. Bb5 a6 4. Ba4 Nf6 5. d3 b5 6. Bb3 Bc5 7. a4 b4 8. O-O d6
9. Be3 Bxe3 10. fxe3 O-O 11. Nbd2 Na5 12. Ba2 Be6 13. Qe1 c5 14. Nh4 g6 15. Nhf3
Bxa2 16. Rxa2 Nd7 17. Ra1 Qe7 18. b3 Kh8 19. Qg3 Nf6 20. Rf2 Nh5 21. Qh3 Qe6 22.
g4 Nf6 23. Rg2 Kg7 24. Rf1 h6 25. Qh4 Ng8 26. g5 h5 27. Rgf2 Qg4+ 28. Qxg4 hxg4
29. Ne1 f6 30. Rg2 f5 31. exf5 gxf5 32. e4 Ne7 33. exf5 Nxf5 34. Rxg4 Nc6 35.
Rf2 Ncd4 36. Ne4 Ne3 37. Rh4 Ne2+ 38. Kh1 Rxf2 39. Nxf2 Rf8 40. Re4 Rxf2 41.
Rxe3 Rf1+ 42. Kg2 Rxe1 43. Kf2 Rh1 44. Kxe2 Rxh2+ 45. Kd1 Kg6 46. Rf3 Kxg5 47.
Rf7 d5 48. Rd7 d4 49. Rd5 c4 50. bxc4 Kf4 51. Kc1 b3 52. cxb3 1-0

[Event "Norway Supreme Masters Blitz 2013"]
[Site "Stavanger NOR"]
[Date "2013.05.07"]
[Round "5.4"]
[White "Svidler,P"]
[Black "Hammer,J"]
[Result "1-0"]
[WhiteTitle "GM"]
[BlackTitle "GM"]
[WhiteElo "2769"]
[BlackElo "2608"]
[WhiteFideId "4102142"]
[BlackFideId "1503707"]
[EventDate "2013.05.07"]

1. g3 Nf6 2. Bg2 g6 3. c4 c6 4. e4 d5 5. e5 Nfd7 6. d4 dxc4 7. e6 fxe6 8. Na3
Bg7 9. Nf3 b5 10. O-O a6 11. b3 c3 12. Nb1 b4 13. a3 Nb6 14. axb4 Nd5 15. Qc2
Nxb4 16. Qxc3 Nd5 17. Qc2 O-O 18. Nbd2 a5 19. Nc4 Na6 20. Bd2 Nab4 21. Qe4 c5
22. dxc5 Bxa1 23. Rxa1 Bd7 24. Nfe5 Be8 25. Bh6 Rf6 26. Ng4 Rf5 27. Bc1 Kf8 28.
Bb2 a4 29. Nh6 Rf6 30. Bxf6 exf6 31. Qxe6 Kg7 32. Qg8+ Kxh6 33. Qf8+ Kg5 34. h4+
Kg4 35. Rd1 Qe7 1-0

[Event "Norway Supreme Masters Blitz 2013"]
[Site "Stavanger NOR"]
[Date "2013.05.07"]
[Round "5.5"]
[White "Topalov,V"]
[Black "Aronian,L"]
[Result "0-1"]
[WhiteTitle "GM"]
[BlackTitle "GM"]
[WhiteElo "2793"]
[BlackElo "2813"]
[WhiteFideId "2900084"]
[BlackFideId "13300474"]
[EventDate "2013.05.07"]

1. Nf3 d5 2. b3 Bg4 3. e3 e6 4. Bb2 Nf6 5. d3 a5 6. a3 Nbd7 7. Nbd2 Bd6 8. h3
Bxf3 9. Nxf3 O-O 10. Be2 c6 11. O-O Qe7 12. c4 Rfd8 13. Qc2 Nf8 14. e4 dxe4 15.
dxe4 e5 16. c5 Bxc5 17. Nxe5 Bd4 18. Bxd4 Rxd4 19. Nf3 Rxe4 20. Bd3 Re6 21. Bc4
Nd5 22. Rfd1 Rd8 23. Bxd5 cxd5 24. Qc3 Ra6 25. Nd4 Ne6 26. Nf5 Qg5 27. Qe5 g6
28. Rxd5 Rxd5 29. Qxd5 Qxf5 30. Qxb7 Rd6 31. b4 axb4 32. axb4 Kg7 33. b5 Rd2 0-1

[Event "Norway Supreme Masters Blitz 2013"]
[Site "Stavanger NOR"]
[Date "2013.05.07"]
[Round "6.2"]
[White "Aronian,L"]
[Black "Carlsen,M"]
[Result "0-1"]
[WhiteTitle "GM"]
[BlackTitle "GM"]
[WhiteElo "2813"]
[BlackElo "2868"]
[WhiteFideId "13300474"]
[BlackFideId "1503014"]
[EventDate "2013.05.07"]

1. d4 Nf6 2. Nf3 e6 3. e3 g6 4. Bd3 c5 5. O-O Bg7 6. Nbd2 O-O 7. dxc5 Qc7 8. Nb3
b6 9. cxb6 axb6 10. Bd2 Bb7 11. h3 e5 12. Be2 d5 13. a4 Nbd7 14. a5 Rfc8 15. a6
Bc6 16. Bb4 Bf8 17. Bxf8 Nxf8 18. Ne1 Rd8 19. c3 Ne6 20. Nc2 Rac8 21. f4 d4 22.
fxe5 dxc3 23. Ncd4 cxb2 24. exf6 bxa1=Q 25. Qxa1 Qe5 26. Nf5 Qe4 27. Nh6+ Kf8
28. Qa3+ Nc5 29. Rf3 Qb1+ 0-1

[Event "Norway Supreme Masters Blitz 2013"]
[Site "Stavanger NOR"]
[Date "2013.05.07"]
[Round "6.5"]
[White "Svidler,P"]
[Black "Anand,V"]
[Result "0-1"]
[WhiteTitle "GM"]
[BlackTitle "GM"]
[WhiteElo "2769"]
[BlackElo "2783"]
[WhiteFideId "4102142"]
[BlackFideId "5000017"]
[EventDate "2013.05.07"]

1. c4 c5 2. Nf3 Nc6 3. g3 g6 4. Bg2 Bg7 5. O-O e6 6. e3 Nge7 7. d4 cxd4 8. Nxd4
O-O 9. Nxc6 bxc6 10. c5 f5 11. Qc2 Nd5 12. Na3 Ba6 13. Rd1 Rb8 14. e4 fxe4 15.
Bxe4 Rb4 16. Kg2 Qf6 17. f3 Rxb2 18. Bxb2 Qxb2 19. Qxb2 Bxb2 20. Nc2 Bxa1 21.
Rxa1 Rb8 22. Nd4 Rb2+ 23. Kh3 Rd2 24. Nb3 Rf2 25. g4 Bf1+ 26. Kg3 Rg2+ 27. Kh4
Rxh2+ 28. Kg5 Bc4 29. Na5 Kg7 0-1

[Event "Norway Supreme Masters Blitz 2013"]
[Site "Stavanger NOR"]
[Date "2013.05.07"]
[Round "7.2"]
[White "Topalov,V"]
[Black "Karjakin,Sergey"]
[Result "0-1"]
[WhiteTitle "GM"]
[BlackTitle "GM"]
[WhiteElo "2793"]
[BlackElo "2767"]
[WhiteFideId "2900084"]
[BlackFideId "14109603"]
[EventDate "2013.05.07"]

1. Nf3 d5 2. b3 c5 3. e3 Nc6 4. Bb2 Nf6 5. Bb5 e6 6. c4 Bd6 7. cxd5 exd5 8. d4
O-O 9. dxc5 Bxc5 10. O-O Bg4 11. Nc3 Rc8 12. Rc1 a6 13. Be2 Ba7 14. h3 Bh5 15.
Nh4 Bg6 16. Nxg6 hxg6 17. Bf3 d4 18. exd4 Bxd4 19. Na4 Bxb2 20. Nxb2 Nd4 21.
Rxc8 Nxf3+ 22. Qxf3 Qxc8 23. Nc4 b5 24. Ne3 Qc3 25. Qe2 Re8 26. Rd1 Qe5 27. Qc2
Ne4 28. Rd5 Qf4 29. Rd3 Qf6 30. Nd5 Qe5 31. Ne3 Kh7 32. a4 bxa4 33. bxa4 Rb8 34.
Rd5 Qa1+ 35. Rd1 Qe5 36. Rd5 Qf4 37. Rd4 f5 38. Rd7 Qe5 39. Nc4 Qc5 40. Ne3 Qxc2
41. Nxc2 Rb1+ 42. Kh2 Nxf2 43. Nd4 Ne4 44. Ne6 g5 45. h4 g4 46. Ng5+ Nxg5 47.
hxg5 Kg6 48. Kg3 Kh5 49. Rxg7 Rb4 50. a5 f4+ 51. Kh2 Ra4 52. g6 Rxa5 53. Rf7
Kxg6 54. Rxf4 Kg5 55. Rc4 Kh4 56. Rb4 Ra2 57. Rc4 a5 58. Rd4 a4 59. Rc4 a3 60.
Ra4 Ra1 61. Rb4 Rc1 62. g3+ Kg5 63. Rb5+ Kf6 64. Ra5 Rc2+ 0-1

[Event "Norway Supreme Masters Blitz 2013"]
[Site "Stavanger NOR"]
[Date "2013.05.07"]
[Round "7.3"]
[White "Anand,V"]
[Black "Hammer,J"]
[Result "0-1"]
[WhiteTitle "GM"]
[BlackTitle "GM"]
[WhiteElo "2783"]
[BlackElo "2608"]
[WhiteFideId "5000017"]
[BlackFideId "1503707"]
[EventDate "2013.05.07"]

1. e4 e5 2. Nf3 Nc6 3. Bb5 Nf6 4. d3 Bc5 5. Bxc6 dxc6 6. Nbd2 O-O 7. O-O Nd7 8.
Nc4 Re8 9. a4 Bf8 10. Kh1 f6 11. b3 Nc5 12. Ng1 Ne6 13. Ne2 b6 14. f4 exf4 15.
Nxf4 Nxf4 16. Bxf4 Be6 17. Qf3 Bxc4 18. bxc4 Bd6 19. Qg3 Bxf4 20. Rxf4 Qd6 21.
Qf3 Re5 22. h3 Rae8 23. Rf5 Rxf5 24. Qxf5 Qe5 25. Qf1 a5 26. Rb1 c5 27. Qf2 Rd8
28. g3 Rd6 29. Kg2 Qc3 30. Qe2 Re6 31. Qd1 f5 32. exf5 Re3 33. f6 h5 34. f7+ Kf8
35. Kh1 Qe5 36. Qf1 Qxg3 37. Qf5 Qxh3+ 38. Qxh3 Rxh3+ 39. Kg2 Re3 40. Kf2 Re5
41. c3 Kxf7 42. d4 Rf5+ 43. Ke3 g5 0-1

[Event "Norway Supreme Masters Blitz 2013"]
[Site "Stavanger NOR"]
[Date "2013.05.07"]
[Round "8.5"]
[White "Hammer,J"]
[Black "Aronian,L"]
[Result "1/2-1/2"]
[WhiteTitle "GM"]
[BlackTitle "GM"]
[WhiteElo "2608"]
[BlackElo "2813"]
[WhiteFideId "1503707"]
[BlackFideId "13300474"]
[EventDate "2013.05.07"]

1. d4 Nf6 2. c4 c5 3. d5 e5 4. Nc3 d6 5. e4 Nbd7 6. Be2 Be7 7. Nf3 O-O 8. O-O
Nh5 9. Ne1 Nf4 10. Bxf4 exf4 11. Nd3 Bg5 12. Bg4 Re8 13. Bxd7 Bxd7 14. Qf3 a6
15. a4 Qa5 16. Nxf4 Qb4 17. Nh5 Be7 18. Qg3 g6 19. e5 Qxc4 20. Nf6+ Bxf6 21.
exf6 Re5 22. f4 Rf5 23. Rae1 Qd4+ 24. Kh1 Qxf6 25. Ne4 Qxb2 26. Nxd6 Rxd5 27. f5
Rxd6 28. Qxd6 Bxf5 29. Qxc5 Rc8 30. Qd6 Qb3 31. a5 Qd3 32. Qf6 h5 33. h3 Qd8 34.
Re7 Qf8 35. Rxb7 Rd8 36. Rb6 Rd5 37. Rxa6 Bd3 38. Rd1 Rf5 39. Qc6 Bxa6 40. Qxa6
Qc5 41. Qa8+ Kg7 42. a6 Qa3 43. Qb7 Ra5 44. Rf1 Qa2 45. Kg1 Rxa6 46. Rxf7+ 1/2-1/2

[Event "Norway Supreme Masters Blitz 2013"]
[Site "Stavanger NOR"]
[Date "2013.05.07"]
[Round "9.2"]
[White "Topalov,V"]
[Black "Anand,V"]
[Result "1/2-1/2"]
[WhiteTitle "GM"]
[BlackTitle "GM"]
[WhiteElo "2793"]
[BlackElo "2783"]
[WhiteFideId "2900084"]
[BlackFideId "5000017"]
[EventDate "2013.05.07"]

1. Nf3 Nf6 2. g3 d5 3. Bg2 c6 4. d3 Bg4 5. b3 Nbd7 6. Bb2 e6 7. Nbd2 Be7 8. e3
a5 9. a3 O-O 10. h3 Bxf3 11. Nxf3 Ne8 12. O-O Bf6 13. d4 Nd6 14. Ne5 a4 15. Nd3
axb3 16. cxb3 Re8 17. a4 e5 18. dxe5 Nxe5 19. Nxe5 Bxe5 20. Bxe5 Rxe5 21. Rc1
Qb6 22. Rc3 Ne4 23. Rd3 g6 24. Qc2 Re7 25. Rd4 Ng5 26. Qc3 Ne6 27. Rd2 Qc5 28.
Rc1 Qxc3 29. Rxc3 f5 30. h4 Kf7 31. Bf3 Kf6 32. Bd1 h6 33. b4 g5 34. b5 cxb5 35.
axb5 Rd7 36. Bf3 Rad8 37. Kh2 d4 38. exd4 Nxd4 39. Rb2 Nxf3+ 40. Rxf3 Rd2 41.
hxg5+ hxg5 42. Rfb3 R8d5 43. Rxd2 Rxd2 44. Kg2 g4 45. b6 Ke6 46. Kf1 Kd6 47. f3
gxf3 48. Rxf3 Rd5 49. Rb3 Kc6 50. Ke2 Rb5 51. Rd3 Kxb6 52. Rd6+ Kc7 53. Rf6 Rd5
54. Ke3 b5 55. Rg6 b4 56. g4 fxg4 57. Ke4 1/2-1/2

[Event "Norway Supreme Masters Blitz 2013"]
[Site "Stavanger NOR"]
[Date "2013.05.07"]
[Round "9.4"]
[White "Carlsen,M"]
[Black "Svidler,P"]
[Result "1-0"]
[WhiteTitle "GM"]
[BlackTitle "GM"]
[WhiteElo "2868"]
[BlackElo "2769"]
[WhiteFideId "1503014"]
[BlackFideId "4102142"]
[EventDate "2013.05.07"]

1. Nf3 g6 2. e4 d6 3. d4 Nf6 4. Nc3 Bg7 5. Be2 O-O 6. O-O a6 7. h3 Nc6 8. Be3 e5
9. dxe5 Nxe5 10. Nxe5 dxe5 11. Qxd8 Rxd8 12. Bc4 b5 13. Bb3 Bb7 14. f3 Bf8 15.
a4 b4 16. Nb1 Nd7 17. Nd2 Bc5 18. Kf2 a5 19. Rfd1 Kg7 20. Nc4 Bxe3+ 21. Kxe3 f6
22. Rd2 Nb6 23. Nxb6 cxb6 24. Rad1 Rxd2 25. Rxd2 Bc6 26. Rd6 Rc8 27. Be6 Rc7 28.
b3 Kf8 29. Bc4 Kg7 30. h4 h5 31. g4 Bxa4 32. Rxb6 Bd7 33. gxh5 gxh5 34. Bd3 Kf7
35. f4 exf4+ 36. Kxf4 Rc5 37. Rb7 Ke6 38. Ra7 Kd6 39. Ke3 Bg4 40. Kd4 Re5 41.
Bc4 Bf3 42. Bd5 Bd1 43. Rf7 Re8 44. Rxf6+ Kc7 45. Ra6 Bxc2 46. Rc6+ 1-0